UM Logo

The origin of love: (Record no. 3057)

MARC details
000 -LEADER
fixed length control field 00520nam a22001577a 4500
008 - FIXED-LENGTH DATA ELEMENTS--GENERAL INFORMATION
fixed length control field 160613b xxu||||| |||| 00| 0 eng d
020 ## - INTERNATIONAL STANDARD BOOK NUMBER
International Standard Book Number 1590560523
082 ## - DEWEY DECIMAL CLASSIFICATION NUMBER
Edition number 2001
Classification number DC 299.93
Item number Ok41o
100 ## - MAIN ENTRY--PERSONAL NAME
9 (RLIN) 10200
Personal name Ōkawa, Ryūhō
245 ## - TITLE STATEMENT
Title The origin of love:
Remainder of title on the beauty of compassion/
Statement of responsibility, etc. Ryuho Okawa.
260 ## - PUBLICATION, DISTRIBUTION, ETC. (IMPRINT)
Place of publication, distribution, etc. New York:
Name of publisher, distributor, etc. Lantern Books,
Date of publication, distribution, etc. c2003.
300 ## - PHYSICAL DESCRIPTION
Extent ix, 95 pages;
Dimensions 22 cm.
650 #0 - SUBJECT ADDED ENTRY--TOPICAL TERM
9 (RLIN) 10201
Topical term or geographic name as entry element Kōfuku no Kagaku (Organization)
650 #0 - SUBJECT ADDED ENTRY--TOPICAL TERM
9 (RLIN) 10209
Topical term or geographic name as entry element Happiness
General subdivision Religious aspects
942 ## - ADDED ENTRY ELEMENTS (KOHA)
Source of classification or shelving scheme Dewey Decimal Classification
Koha item type Circulation
Holdings
Withdrawn status Lost status Source of classification or shelving scheme Damaged status Not for loan Collection code Home library Current library Date acquired Source of acquisition Total Checkouts Full call number Barcode Date last seen Date last checked out Price effective from Koha item type
    Dewey Decimal Classification     Circulation UM Digos College - LIC UM Digos College - LIC 03/01/2014 Donation 6 DC 299.93 Ok41o 2003 22267 05/15/2025 10/04/2017 06/13/2016 Circulation